| 000 | 01745nam a2200517 i 4500 | ||
|---|---|---|---|
| 001 | 54014 | ||
| 003 | KOSZ 005 | ||
| 005 | 20211222122613.0 | ||
| 008 | 070321s2005 pl a |100 0 pol | ||
| 015 | _aUWD 2007/15350 | ||
| 020 | _a8391548422 | ||
| 035 | _a991033417889705066 | ||
| 035 | _a(PL-WaBN)b18949484-48omnis_nlop | ||
| 035 | _ab18949484 | ||
| 035 | _a(OCoLC)749714583 | ||
| 035 | _azz2006860875 | ||
| 035 | _a(PL)b0000001894948 | ||
| 035 | _a(EXLNZ-48OMNIS_NETWORK)9910230373005606 | ||
| 040 |
_aWA N _cWA N _dKOSZ 005/HR |
||
| 046 | _k2005 | ||
| 080 | _a316.325 | ||
| 080 | _a316.77 | ||
| 080 | _a004.738.5 | ||
| 080 | _a(06) | ||
| 245 | 0 | 0 |
_aOblicza Internetu : _bInternet a globalne społeczeństwo informacyjne / _c[red. nauk. Marek Sokołowski]. |
| 260 |
_aElbląg : _bZakład "Algraf", _c2005. |
||
| 300 |
_a441, [1] s. : _bil. ; _c24 cm. |
||
| 336 |
_aTekst _btxt _2rdacontent |
||
| 337 |
_aBez urządzenia pośredniczącego _bn _2rdamedia |
||
| 338 |
_aWolumin _bnc _2rdacarrier |
||
| 380 | _aKsiążki | ||
| 380 | _aPublikacje naukowe | ||
| 388 | _a2001- | ||
| 500 | _aMateriały konferencyjne. | ||
| 504 | _aBibliogr. przy niektórych ref. | ||
| 650 | 7 |
_aInternet _2DBN |
|
| 650 | 7 |
_aSpołeczeństwo informacyjne _2DBN |
|
| 655 | 7 |
_aMateriały konferencyjne _2DBN |
|
| 658 | _aInformatyka i technologie informacyjne | ||
| 658 | _aSocjologia i społeczeństwo | ||
| 700 | 1 |
_aSokołowski, Marek _d(1962- ) _eRedakcja |
|
| 710 | 2 |
_aZakład Algraf, Tadeusz Matuszkiewicz, Alina Matuszkiewicz _4pbl |
|
| 856 |
_uhttp://koha.tu.koszalin.pl/cgi-bin/koha/opac-detail.pl?biblionumber=54014 _yKatalog online BPK |
||
| 942 |
_2UKD _cKS |
||
| 999 |
_c54014 _d54014 |
||